00797nam a2200205Ia 4500003000900000008004100009040001600050080002300066100002100089245016400110260006300274300000900337650004100346650003200387700002100419700003000440942000700470999001500477952009900492IN-BaIIA211028s9999 xx 000 0 eng d cIIA Library a083.8(520.82)bBEC aBecker, W914663 0aKataloge photographischer und photoelektrischer helligkeiten von 25 galaktischen sternhaufen im RGU- und UcBV-SystemcW. Becker, S. N. Svolopoulos and Ch. Fang aBaselbAstronomisches Institut der Universitat Baselc1976 a89p. aAstronomy and Astrophysics Thesaurus aCatalogue-Photometry914664 aFang, Ch.914665 aSvolopoulos, S. N.914666 cBK c8732d8732 00104070aBANbBANcGENd1986-06-12l0o083.8(520.82)/ BECp9607r2021-11-05w1986-06-12yBK